[Event "ewcc-2015"]
[Site "Chakvi. Adjara"]
[Date "2015.05.28"]
[Round "9.14"]
[White "Stefanova, Antoaneta"]
[Black "Charkhalashvili, Inga"]
[Result "0-1"]
[LiveChessVersion "1.3.1"]
[BlackElo "2318"]
[WhiteElo "2512"]

1. Nf3 {[%clk 1:24:52]} d5 {[%clk 1:30:48]} 2. g3 {[%clk 1:25:04]} Nf6
{[%clk 1:31:11]} 3. Bg2 {[%clk 1:25:25]} e6 {[%clk 1:31:28]} 4. O-O
{[%clk 1:25:15]} Be7 {[%clk 1:30:54]} 5. d3 {[%clk 1:16:04]} c5 {[%clk 1:30:09]}
6. Nbd2 {[%clk 1:16:08]} Nc6 {[%clk 1:29:36]} 7. e4 {[%clk 1:11:03]} O-O
{[%clk 1:28:07]} 8. Re1 {[%clk 1:11:18]} b5 {[%clk 1:25:49]} 9. a4
{[%clk 1:09:46]} b4 {[%clk 1:25:00]} 10. exd5 {[%clk 1:10:10]} exd5
{[%clk 1:25:00]} 11. Nb3 {[%clk 1:10:35]} Bg4 {[%clk 1:15:21]} 12. h3
{[%clk 1:09:47]} Bxf3 {[%clk 1:10:23]} 13. Qxf3 {[%clk 1:08:49]} Rc8
{[%clk 1:08:50]} 14. Bf4 {[%clk 0:54:55]} h6 {[%clk 0:53:41]} 15. g4
{[%clk 0:48:55]} Bd6 {[%clk 0:50:30]} 16. h4 {[%clk 0:45:07]} Bxf4
{[%clk 0:36:45]} 17. Qxf4 {[%clk 0:45:33]} Ne7 {[%clk 0:35:07]} 18. h5
{[%clk 0:28:26]} Qc7 {[%clk 0:25:29]} 19. Qxc7 {[%clk 0:28:51]} Rxc7
{[%clk 0:25:55]} 20. Bf3 {[%clk 0:29:17]} Nc6 {[%clk 0:23:32]} 21. Rad1
{[%clk 0:28:16]} Nd4 {[%clk 0:19:03]} 22. Nxd4 {[%clk 0:28:41]} cxd4
{[%clk 0:19:30]} 23. Rd2 {[%clk 0:29:04]} Rfc8 {[%clk 0:18:23]} 24. Bd1
{[%clk 0:28:36]} Kf8 {[%clk 0:16:18]} 25. Kg2 {[%clk 0:11:40]} Re7
{[%clk 0:13:50]} 26. Rxe7 {[%clk 0:11:07]} Kxe7 {[%clk 0:14:16]} 27. Kg3
{[%clk 0:11:16]} Kd6 {[%clk 0:13:23]} 28. Re2 {[%clk 0:11:12]} Re8
{[%clk 0:06:51]} 29. Rxe8 {[%clk 0:10:55]} Nxe8 {[%clk 0:07:18]} 30. Kf4
{[%clk 0:10:57]} Ke6 {[%clk 0:05:00]} 31. g5 {[%clk 0:11:19]} f5 {[%clk 0:02:45]}
32. Bf3 {[%clk 0:04:20]} Nd6 {[%clk 0:02:42]} 33. Bg2 {[%clk 0:04:18]} Nf7
{[%clk 0:02:26]} 34. gxh6 {[%clk 0:02:37]} gxh6 {[%clk 0:02:12]} 35. Bh3
{[%clk 0:01:04]} Nd6 {[%clk 0:02:21]} 36. Bg2 {[%clk 0:01:23]} Nc8
{[%clk 0:01:16]} 37. Bxd5+ {[%clk 0:00:47]} Kxd5 {[%clk 0:01:42]} 38. Kxf5
{[%clk 0:01:14]} Nd6+ {[%clk 0:01:43]} 39. Kg6 {[%clk 0:00:49]} Ke5
{[%clk 0:01:33]} 40. Kxh6 {[%clk 0:30:54]} Kf6 {[%clk 0:31:52]} 41. Kh7
{[%clk 0:25:19]} Kf7 {[%clk 0:24:11]} 42. Kh6 {[%clk 0:20:47]} Nc4
{[%clk 0:14:51]} 43. Kg5 {[%clk 0:12:23]} Nxb2 {[%clk 0:15:11]} 44. Kf5
{[%clk 0:12:32]} Nxd3 {[%clk 0:10:35]} 45. Ke4 {[%clk 0:12:58]} Ne1
{[%clk 0:09:45]} 46. Kxd4 {[%clk 0:13:15]} Nxc2+ {[%clk 0:09:55]} 47. Kd3
{[%clk 0:12:50]} Ne1+ {[%clk 0:09:15]} 48. Kd2 {[%clk 0:12:01]} Nf3+
{[%clk 0:09:13]} 49. Ke3 {[%clk 0:12:17]} a5 {[%clk 0:09:13]} 50. Kd4 0-1

[Event "16th European Individual Women's Chess C"]
[Site "Chakvi, Adjara"]
[Date "2015.05.28"]
[Round "9.36"]
[White "Umudova, Nargiz"]
[Black "Santeramo, Alessia"]
[Result "1-0"]
[WhiteElo "2275"]
[BlackElo "2118"]
[PlyCount "101"]
[EventDate "2015.05.19"]

1. e4 e5 2. Nf3 Nc6 3. Bb5 a6 4. Ba4 Nf6 5. d3 b5 6. Bb3 Be7 7. O-O d6 8. a4
Bg4 9. c3 O-O 10. h3 Bh5 11. Nbd2 Na5 12. Bc2 b4 13. Re1 Rb8 14. Nf1 bxc3 15.
bxc3 Bxf3 16. Qxf3 Nb3 17. Rb1 Nxc1 18. Rexc1 c6 19. Ne3 Qc7 20. Bb3 Rb7 21.
Bc4 a5 22. Nf5 Rxb1 23. Rxb1 g6 24. Nxe7+ Qxe7 25. Ba6 Rd8 26. Rb7 Rd7 27. Rb6
c5 28. Bb5 Ra7 29. Bc4 Kg7 30. Qd1 Nh5 31. g3 Rb7 32. Rb5 Ra7 33. Kg2 Qg5 34.
h4 Qe7 35. Qb3 f5 36. Rb8 Nf6 37. f3 fxe4 38. dxe4 h6 39. Qd1 Kh7 40. Rb6 Rd7
41. Bb5 Rd8 42. Bc6 Rc8 43. Bb5 Rd8 44. c4 g5 45. hxg5 hxg5 46. Bc6 Kg6 47. Rb7
Qe6 48. Bd5 Nxd5 49. exd5 Qc8 50. Qb1+ Kf6 51. Qh7 1-0

[Event "16th European Individual Women's Chess C"]
[Site "Chakvi, Adjara"]
[Date "2015.05.28"]
[Round "9.37"]
[White "Khmiadashvili, Tamar"]
[Black "Korenova, Martina"]
[Result "1-0"]
[WhiteElo "2043"]
[BlackElo "2241"]
[PlyCount "101"]
[EventDate "2015.05.19"]

1. e4 e6 2. d3 d5 3. Nd2 b6 4. Be2 Nf6 5. Nh3 Bb7 6. e5 Nfd7 7. d4 Nc6 8. c3 f6
9. exf6 Qxf6 10. O-O Bd6 11. f4 O-O-O 12. Nf3 Rdf8 13. b4 h6 14. Ne5 Rhg8 15.
a4 a5 16. Bb5 Ncb8 17. bxa5 bxa5 18. Qe2 Nb6 19. Be3 Qd8 20. Bd3 Bxe5 21. fxe5
Rxf1+ 22. Qxf1 Qe8 23. Bb5 Ba6 24. Bd2 Rf8 25. Qe2 Bxb5 26. axb5 Nc4 27. Rb1
Qg6 28. Rc1 Qe4 29. Qxe4 dxe4 30. Be1 e3 31. g3 g5 32. Kg2 Kb7 33. Ng1 Kb6 34.
Ne2 Kxb5 35. d5 exd5 36. Nd4+ Ka6 37. Ne6 Rf7 38. Rb1 Nb6 39. Nc5+ Ka7 40. g4
Na6 41. Nb3 Nc4 42. e6 Rf4 43. e7 Rxg4+ 44. Bg3 Re4 45. Nd4 Nd6 46. Bxd6 cxd6
47. Nc6+ Ka8 48. Rd1 e2 49. Re1 d4 50. cxd4 Kb7 51. Ne5 1-0

[Event "16th European Individual Women's Chess C"]
[Site "Chakvi, Adjara"]
[Date "2015.05.28"]
[Round "9.38"]
[White "Khurtsilava, Inga"]
[Black "Topel, Zehra"]
[Result "0-1"]
[WhiteElo "2212"]
[BlackElo "2179"]
[PlyCount "66"]
[EventDate "2015.05.19"]

1. d4 Nf6 2. c4 d5 3. cxd5 Nxd5 4. e4 Nf6 5. Nc3 e6 6. Be3 Be7 7. f3 O-O 8. Bc4
b6 9. Nge2 Bb7 10. O-O a6 11. a4 Nbd7 12. g4 c5 13. e5 Ne8 14. f4 cxd4 15. Nxd4
Bc5 16. Be2 Qc7 17. Qe1 f6 18. Bc4 Kh8 19. Bxe6 fxe5 20. Nf5 Nef6 21. Bxd7 Qxd7
22. Bxc5 Qc6 23. Qg3 Qxc5+ 24. Rf2 Qc6 25. Rff1 exf4 26. Qh3 Rfe8 27. Nh4 Qc5+
28. Rf2 Re3 29. Qf1 Nxg4 30. Ng2 Rf3 31. Nd1 Rxf2 32. Nxf2 Rd8 33. Rc1 Nxf2 0-1

[Event "16th European Individual Women's Chess C"]
[Site "Chakvi, Adjara"]
[Date "2015.05.28"]
[Round "9.39"]
[White "Bokuchava, Madona"]
[Black "Petrenko, Svetlana"]
[Result "1/2-1/2"]
[WhiteElo "2063"]
[BlackElo "2207"]
[PlyCount "128"]
[EventDate "2015.05.19"]

1. d4 f5 2. c4 Nf6 3. Nf3 e6 4. Nc3 b6 5. g3 Bb7 6. Bg2 Be7 7. O-O O-O 8. d5
Qc8 9. Bf4 Nh5 10. Bd2 c5 11. Qb3 Na6 12. Bg5 Nf6 13. dxe6 dxe6 14. Rad1 Nb4
15. Nb5 Be4 16. Ne1 Bxg2 17. Nxg2 a6 18. Nc3 Rb8 19. Bf4 Rb7 20. Bd6 Bxd6 21.
Rxd6 Ne8 22. Rd2 Nc6 23. Qa4 Rbf7 24. e3 g5 25. f4 g4 26. Qd1 Na5 27. b3 Nc6
28. Qe2 Rb7 29. Rfd1 Rff7 30. Ne1 Rfd7 31. Nc2 Rxd2 32. Qxd2 b5 33. cxb5 axb5
34. Qd3 Na7 35. e4 c4 36. bxc4 bxc4 37. Qe3 fxe4 38. Nxe4 Rd7 39. Qe2 Rxd1+ 40.
Qxd1 h5 41. Qd4 Qc7 42. a4 Nc8 43. Qc5 Qxc5+ 44. Nxc5 Kf7 45. Kf2 Ke7 46. Ke3
Kd6 47. Kd4 Nc7 48. Ne4+ Kc6 49. Nf6 Nb6 50. Nxh5 Nxa4 51. Kxc4 Nd5 52. Nb4+
Nxb4 53. Kxb4 Nb6 54. Kc3 Nd5+ 55. Kd4 Kd6 56. Ke4 Nc3+ 57. Kd3 Nd5 58. Kd4 Ke7
59. f5 Kd6 60. fxe6 Nc7 61. Nf4 Ne8 62. Ke4 Ng7 63. Kd4 Nf5+ 64. Ke4 Ng7
1/2-1/2

[Event "16th European Individual Women's Chess C"]
[Site "Chakvi, Adjara"]
[Date "2015.05.28"]
[Round "9.40"]
[White "Lomaia, Diana"]
[Black "Baraeva, Marina"]
[Result "0-1"]
[WhiteElo "1449"]
[BlackElo "2204"]
[PlyCount "140"]
[EventDate "2015.05.19"]

1. e4 c5 2. Nf3 a6 3. c3 d5 4. exd5 Qxd5 5. d4 e6 6. Be3 cxd4 7. cxd4 Nf6 8.
Nc3 Qd6 9. Bd3 Nc6 10. O-O Be7 11. Qe2 O-O 12. Rac1 h6 13. Rfd1 Rd8 14. Ne4
Nxe4 15. Bxe4 Bd7 16. d5 exd5 17. Rxd5 Qe6 18. Bb6 Re8 19. Rcd1 Nb8 20. Bc7 Bb5
21. Qe3 Nc6 22. b3 Bf6 23. Re1 Nb4 24. Rc5 Nxa2 25. Bxb7 Qxe3 26. Rxe3 Rxe3 27.
fxe3 Re8 28. Kf2 Nb4 29. Ne1 Re7 30. Bf3 Rd7 31. Be4 Be7 32. Rc1 Rd2+ 33. Kf3
g6 34. Be5 f5 35. Bb1 Bh4 36. g3 Be7 37. h4 Be2+ 38. Kf2 Bc4+ 39. Kg1 Bxb3 40.
Nf3 Rd1+ 41. Rxd1 Bxd1 42. Nd4 a5 43. Kf1 Kf7 44. Ke1 Bg4 45. Kd2 a4 46. Nc2
Bf3 47. Bc3 Nxc2 48. Bxc2 a3 49. Bb3+ Kf8 50. Be5 h5 51. Bf4 Bb4+ 52. Kd3 Be4+
53. Kc4 Be7 54. Ba2 Ke8 55. Kd4 Bf6+ 56. Kc5 Kd7 57. Bh6 Be7+ 58. Kd4 Kc6 59.
Ke5 Bd6+ 60. Kf6 Bxg3 61. Bg5 Kc5 62. Bf4 Bxf4 63. exf4 Bf3 64. Kxg6 Bg4 65.
Kf6 Kd4 66. Kg5 Kc3 67. Kg6 Kb2 68. Bd5 a2 69. Bxa2 Kxa2 70. Kg5 Kb3 0-1

[Event "16th European Individual Women's Chess C"]
[Site "Chakvi, Adjara"]
[Date "2015.05.28"]
[Round "9.41"]
[White "Zaksaite, Salomeja"]
[Black "Ghukasyan, Siranush"]
[Result "1-0"]
[WhiteElo "2203"]
[BlackElo "2100"]
[PlyCount "65"]
[EventDate "2015.05.19"]

1. e4 e5 2. Nf3 Nc6 3. Bb5 a6 4. Ba4 Nf6 5. O-O Be7 6. Re1 b5 7. Bb3 d6 8. c3
O-O 9. d4 Bg4 10. Be3 exd4 11. cxd4 d5 12. e5 Ne4 13. h3 Bh5 14. Nc3 Bb4 15. g4
Bg6 16. Nxd5 Bxe1 17. Qxe1 Ne7 18. Nf4 Kh8 19. Rd1 Qc8 20. d5 Qb7 21. Qb4 c6
22. Nxg6+ fxg6 23. Qxe4 cxd5 24. Bxd5 Nxd5 25. Rxd5 Kg8 26. Bc5 Rfe8 27. e6
Rac8 28. b4 Qc6 29. Nd4 Qa8 30. Qe5 Rcd8 31. Rxd8 Qxd8 32. e7 Qd7 33. Qe6+ 1-0

[Event "16th European Individual Women's Chess C"]
[Site "Chakvi, Adjara"]
[Date "2015.05.28"]
[Round "9.43"]
[White "Folkova, Martina"]
[Black "Choladze, Mariam"]
[Result "0-1"]
[WhiteElo "2134"]
[BlackElo "1989"]
[PlyCount "102"]
[EventDate "2015.05.19"]

1. e4 c5 2. Nf3 e6 3. d4 cxd4 4. Nxd4 a6 5. Bd3 Nf6 6. O-O Qc7 7. Qe2 d6 8. c4
g6 9. Nc3 Bg7 10. Be3 O-O 11. Rac1 Nc6 12. Nb3 Nd7 13. f4 Re8 14. f5 Nde5 15.
fxe6 fxe6 16. Na4 Bd7 17. Bb6 Qb8 18. Bb1 Ne7 19. Nc3 Bc6 20. Na5 Nc8 21. Be3
Qc7 22. b4 Ne7 23. c5 d5 24. Bf4 d4 25. Nxc6 N7xc6 26. b5 Nb4 27. a3 dxc3 28.
axb4 a5 29. Rxc3 axb4 30. Rcc1 b3 31. Kh1 Rf8 32. h3 b2 33. Rc2 Ra1 34. Rxb2
Rxf4 35. Rxf4 Nd3 36. Qxd3 Qxf4 37. Qd8+ Bf8 38. Qd1 Bxc5 39. Ra2 Bd6 40. e5
Bxe5 41. g3 Qxg3 42. Rd2 Qxh3+ 43. Kg1 Qe3+ 44. Kg2 Qg5+ 45. Kf2 Qf4+ 46. Kg2
Qg5+ 47. Kf2 Ra8 48. Ba2 Rf8+ 49. Ke2 Qg2+ 50. Kd3 Qg3+ 51. Kc2 Qc3+ 0-1

[Event "16th European Individual Women's Chess C"]
[Site "Chakvi, Adjara"]
[Date "2015.05.28"]
[Round "9.44"]
[White "Mammadova, Aysel"]
[Black "Martynkova, Olena"]
[Result "0-1"]
[WhiteElo "1862"]
[BlackElo "2165"]
[PlyCount "120"]
[EventDate "2015.05.19"]

1. e4 c5 2. c3 d5 3. exd5 Qxd5 4. d4 Nc6 5. Nf3 Bf5 6. Be2 cxd4 7. cxd4 Bxb1 8.
Rxb1 e6 9. b3 Bb4+ 10. Bd2 Bxd2+ 11. Qxd2 Nf6 12. O-O O-O 13. Bc4 Qd6 14. Bb5
Ne7 15. Rbc1 Rfd8 16. Rfd1 g6 17. Bd3 Kg7 18. Rc4 Rac8 19. Rxc8 Rxc8 20. Rc1
Rd8 21. Bb1 Nc6 22. Rd1 Qa3 23. Qe1 Nb4 24. Qd2 Rc8 25. Ne5 b5 26. Nd3 Nxd3 27.
Bxd3 a6 28. Ra1 Qd6 29. Be2 Rd8 30. Rd1 e5 31. d5 Qxd5 32. Qc2 Qe4 33. Bd3 Qb7
34. f3 Rd4 35. Re1 Qb6 36. Kh1 Qd6 37. Bf1 Rd2 38. Qc3 Qd4 39. Qxd4 exd4 40. a4
bxa4 41. bxa4 a5 42. Re5 Rd1 43. Kg1 Ra1 44. Rxa5 d3 45. Kf2 d2 46. Be2 d1=Q
47. Bxd1 Rxd1 48. Ke2 Ra1 49. h4 Ra2+ 50. Kf1 Nh5 51. Ra7 Ng3+ 52. Kg1 h5 53.
Kh2 Nf5 54. Kh3 Ra1 55. g4 hxg4+ 56. fxg4 Ra3+ 57. Kh2 Nxh4 58. a5 g5 59. a6
Nf3+ 60. Kg2 Ne5 0-1

[Event "16th European Individual Women's Chess C"]
[Site "Chakvi, Adjara"]
[Date "2015.05.28"]
[Round "9.45"]
[White "Tskhadadze, Anna"]
[Black "Kuchava, Ana"]
[Result "1-0"]
[WhiteElo "1938"]
[BlackElo "2135"]
[PlyCount "107"]
[EventDate "2015.05.19"]

1. c4 e6 2. g3 d5 3. Nf3 Nf6 4. Bg2 d4 5. d3 c5 6. O-O Nc6 7. Bg5 Be7 8. Nbd2
O-O 9. a3 a5 10. Qc2 h6 11. Bxf6 Bxf6 12. Qb3 Qc7 13. Ne4 Be7 14. e3 a4 15. Qc2
e5 16. exd4 cxd4 17. Rfe1 Be6 18. Re2 Qd7 19. Ned2 f6 20. Nh4 Rfe8 21. Ng6 Bf7
22. Nxe7+ Rxe7 23. Ree1 Kh8 24. Ne4 Ra5 25. Rab1 f5 26. Nd2 Qd6 27. Rbc1 Qf6
28. c5 Kh7 29. Qd1 g5 30. g4 fxg4 31. Qxg4 Rb5 32. Ne4 Qf4 33. Qxf4 gxf4 34.
Rc2 Bb3 35. Rd2 Rg7 36. Kh1 Nd8 37. Nf6+ Kg6 38. Ne8 Re7 39. Be4+ Kh5 40. Nf6+
Kg5 41. Nh7+ Kh4 42. Nf8 Bf7 43. Rc2 Rc7 44. Rec1 Bh5 45. f3 Rg7 46. Rg1 Rxg1+
47. Kxg1 Ra5 48. Nd7 Kg5 49. Nxe5 Ne6 50. Nd7 Rb5 51. c6 bxc6 52. Rxc6 Bf7 53.
Rc2 Bg6 54. Rg2+ 1-0

[Event "16th European Individual Women's Chess C"]
[Site "Chakvi, Adjara"]
[Date "2015.05.28"]
[Round "9.46"]
[White "Jibuti, Nata"]
[Black "Ivanova, Tatiana"]
[Result "0-1"]
[WhiteElo "1694"]
[BlackElo "2121"]
[PlyCount "86"]
[EventDate "2015.05.19"]

1. e4 d5 2. exd5 Qxd5 3. Nc3 Qd6 4. g3 Nf6 5. Bg2 e5 6. d3 Nc6 7. Nge2 Bg4 8.
h3 Bh5 9. O-O Be7 10. a3 O-O 11. b4 Rad8 12. g4 Bg6 13. f4 exf4 14. Bxf4 Qd7
15. b5 Bc5+ 16. Kh2 Nd4 17. Bxb7 Nxb5 18. Nxb5 Qxb5 19. Bg2 Qd7 20. Rb1 c6 21.
a4 Nd5 22. Qd2 Rfe8 23. Kh1 h5 24. gxh5 Bxh5 25. Ng3 Bg6 26. Rf3 Bd4 27. Rb3
Bf6 28. c4 Nxf4 29. Qxf4 Re1+ 30. Nf1 Rd1 31. Rb8 Bxd3 32. Rxd8+ Bxd8 33. c5
Bc7 34. Qe3 Bc4 35. Rf2 Rd3 36. Qg5 Bd5 37. Kg1 Bd8 38. Qh5 Bf6 39. Kh2 Bd4 40.
Re2 Bxc5 41. Rb2 Qd6+ 42. Kh1 Qf4 43. Nh2 Qc1+ 0-1

[Event "16th European Individual Women's Chess C"]
[Site "Chakvi, Adjara"]
[Date "2015.05.28"]
[Round "9.47"]
[White "Chanturia, Tamar"]
[Black "Jalaghonia, Nino"]
[Result "0-1"]
[WhiteElo "1688"]
[BlackElo "1865"]
[PlyCount "70"]
[EventDate "2015.05.19"]

1. Nf3 c5 2. b3 Nf6 3. Bb2 g6 4. e4 d6 5. e5 dxe5 6. Nxe5 Bg7 7. Bb5+ Bd7 8.
Qe2 O-O 9. O-O Qc7 10. Na3 Nc6 11. Nxd7 Qxd7 12. Rfe1 a6 13. Bxc6 Qxc6 14. Nc4
b5 15. Ne5 Qb7 16. Nd3 c4 17. Nc5 Qc6 18. b4 e6 19. a4 Qd5 20. Ra3 a5 21. Rf3
axb4 22. Bxf6 Bxf6 23. Ne4 Bg7 24. axb5 f5 25. Ng5 e5 26. d3 c3 27. Rh3 h6 28.
Nf3 g5 29. Nxg5 hxg5 30. Qh5 Rf6 31. Qxg5 Qxb5 32. Rg3 Rf7 33. h4 Qb6 34. h5
Qh6 35. Qh4 Qd2 0-1